| 000 | 004620000a22001810004500 | ||
|---|---|---|---|
| 001 | 8693 | ||
| 041 | 0 | _aENG | |
| 082 | 0 | 4 | _aG 282.3 C3212r |
| 100 | 1 | _aCarson, Herbert M. | |
| 245 | 1 | 0 | _aRoman Catholicism today / H. M. Carson |
| 260 | _aGrand Rapids, MI., USA : Eerdmans | ||
| 300 | _a124 Pag | ||
| 650 | 1 | 4 | _aIGLESIA CATOLICA |
| 942 | _cBK | ||
| 999 |
_c38822 _d38822 |
||
| 336 |
_atexto _btxt _2rdacontent |
||
| 337 |
_2rdamedia _asin mediación _bn |
||
| 338 |
_2rdacarrier _avolumen _bnc |
||